000 00771nam a2200217 a 4500
999 _c7278
_d7278
001 7278
003 BD-JhCC
005 20180207123522.0
008 180128s1978 bg a|||| ||a| 000 0 ben d
035 _a(BD-JhCC)7278
040 _aBD-JhCC
_dBD-JhCC
041 _aben
082 _a297.65
_bKUH 1978
100 _aএ্যর্নস্ট কুইহনেল
245 _aইসলামি শিল্প ও স্থাপত্য /
_cকুইহনেল, এ্যর্নস্ট ; মোসলেম আলী বিশ্বাস (বঙ্গানুবাদ)
260 _aচট্টগ্রাম :
_bবই ঘর,
_c1978.
300 _a184 p. :
_c22 cm.
650 _aArchitecture
_xIslam
942 _2ddc
_cBK